000 005300000a22001810004500
003 MACL
005 20160401123210.0
008 160401b xxu||||| |||| 00| 0 eng d
040 _aMACL
_cMACL
041 _aHindi
082 _a370
100 _aमो सलीम अंसारी
_949558
245 _aछात्रोपयोगी निबन्‍ध
260 _bअमन बुक सेन्‍टर
_c2008
_aदिल्‍ली
350 _a250
650 _aEducation
_949559
942 _cHIN
_k370
_2ddc
999 _c22167
_d22167